Statistics for Biggest Cities Near Wall Drug on a Map

Click here to take the quiz!

General Stats

  • This quiz has been taken 21 times
  • The average score is 10 of 21

Answers on the Map

Answers color-coded by a green-red scale on the quiz's map according to % correct below.
Loading ...
 

Answer Stats

PopulationStateCity / Town% Correct
73,529NDBismarck
95%
183,749SDSioux Falls
95%
64,235WYCheyenne
89%
57,931WYCasper
74%
77,503SDRapid City
74%
170,243COFort Collins
53%
32,711WYLaramie
53%
108,643COGreeley
47%
47,382NDMinot
47%
28,257SDAberdeen
42%
32,030WYGillette
42%
51,267NEGrand Island
42%
33,867NEKearney
42%
24,415SDBrookings
37%
29,033NDWilliston
37%
23,133NDDickinson
32%
22,752NDMandan
26%
23,639NENorth Platte
26%
22,174SDWatertown
21%
78,877COLoveland
16%
30,477COWindsor
11%

Score Distribution

Percentile by Number Answered

Percent of People with Each Score

Your Score History

You have not taken this quiz